Music Quiz

Random Music or Song Quiz

The Other Kiss Studio Songs Quiz Stats

 Plays Quiz not verified by Sporcle

Challenge
Share
Tweet
Embed
Score 0/17 Timer 04:00
0 Plays Today
Album Song Title % Correct
Kiss Alive IIRocket Ride
91.8%
Smashes, Thrashes & HitsLet's Put The X In Sex
91.5%
Kiss Alive IIAll American Man
85.6%
Double PlatinumStrutter '78
81.3%
Kiss Alive IIAny Way You Want It
78.2%
Smashes, Thrashes & Hits(You Make Me) Rock Hard
78.2%
Smashes, Thrashes & HitsBeth (With Eric Carr Vocal)
71.4%
Kiss Alive IILarger Than Life
67.7%
Kiss Alive IIRockin' In The USA
66.6%
Album Song Title % Correct
KillersDown On Your Knees
63.5%
KillersI'm A Legend Tonight
63.2%
KillersNowhere To Run
58.4%
KillersPartners In Crime
57.2%
We're A Happy Family - A Tribute To RamonesDo You Remember Rock 'N' Roll Radio
53.5%
Psycho-Circus Video Bonus CDIn Your Face
50.7%
Music From The Motion Picture: Detroit Rock CityNothing Can Keep Me From You
49.3%
Box SetIt's My Life
41.1%

You're not logged in!

Compare scores with friends on all Sporcle quizzes.
Join for Free
OR
Log In

You Might Also Like...

Show Comments

Extras

Created Feb 5, 2010ReportNominate
Tags:Album Quiz, Song Quiz, kiss, solo, studio

Top Quizzes Today


Score Distribution

Your Account Isn't Verified!

In order to create a playlist on Sporcle, you need to verify the email address you used during registration. Go to your Sporcle Settings to finish the process.

Report this User

Report this user for behavior that violates our Community Guidelines.

Details: